| 000 | 01317nam a2200253Ii 4500 | ||
|---|---|---|---|
| 003 | JO-AjNU | ||
| 005 | 20240626134024.0 | ||
| 008 | 230605s9999||||xx |||||||||||||| ||und|| | ||
| 040 |
_aJO-AjNU _bara _erda _cJO-AjNU |
||
| 041 | _aara | ||
| 050 | 1 | 4 | _aHG3368 2017 |
| 100 |
_aعوده، عبد الحفيظ نمر _eمعد _965701 |
||
| 245 | 0 | 0 |
_aدور ضوابط الشريعة الاسلامية في الحد من ممارسات المحاسبة الابداعية في المصارف الاسلامية الاردنية ( دراسة ميدانية) = The Role of Sharia Determinets in Reducing of Creative Accounting Practices in Jordanian Islamic banks ( A Field Study) _c/ اعداد عبد الحفيظ نمر عوده : اشراف اسامة عبد المجد العاني |
| 264 | 3 | 1 | _a2017 |
| 300 | _a152 ورقة | ||
| 336 |
_atext _btxt _2rdacontent |
||
| 337 |
_aunmediated _bn _2rdamedia |
||
| 338 |
_avolume _bnc _2rdacarrier |
||
| 500 | _aرسالة جامعية ( اطروحة ماجستير) جامعة عجلون الوطنية'، 2017 | ||
| 650 | 4 |
_aمحاسبة المصارف الاسلامية - الاردن _956996 |
|
| 700 |
_aالعاني، اسامة عبد المجيد _965702 _eمشرف |
||
| 700 |
_aعلي فلاح الزعبي _eمشرف مشارك _965704 |
||
| 942 |
_2lcc _cTHS |
||
| 999 |
_c29083 _d29083 |
||